Czy znasz tabelę Ekstraklasy sezonu 2018/19? - Statystyki

Ogólne statystyki
  • Ten quiz został rozwiązany 754 razy
  • Średni wynik to 10 z 16
Statystyki odpowiedzi
Miejsce Drużyna % Poprawnych
2. Legia Warszawa
98%
1. Piast Gliwice
97%
3. Lechia Gdańsk
79%
4. Cracovia
66%
8. Lech Poznań
65%
9. Wisła Kraków
62%
5. Jagiellonia Białystok
61%
7. Pogoń Szczecin
59%
16. Zagłębie Sosnowiec
57%
15. Miedź Legnica
56%
6. Zagłębie Lubin
55%
12. Śląsk Wrocław
53%
13. Arka Gdynia
51%
14. Wisła Płock
51%
10. Korona Kielce
50%
11. Górnik Zabrze
48%
Nie znaleziono quizów pasujących do podanych kryteriów
Rozkład punktacji
Procent ludzi z każdym wynikiem
Percentyl według liczby udzielonych odpowiedzi
Twoja historia wyników
Nie rozwiązałeś tego quizu